Valencia CF Record Transfer Arrivals - Statistics

General Stats
  • This quiz has been taken 83 times
  • The average score is 9 of 20
Answer Stats
Rank Fee Season Joined From Answer % Correct
1 36.00 Million 2018/19 Paris Saint-Germain Gonçalo Guedes
90%
2 31.50 Million 2019/20 Barcelona Jasper Cillessen
76%
8 19.80 Million 2018/19 Inter Milan Geoffrey Kondogbia
62%
3 27.00 Million 2015/16 Benfica Rodrigo Moreno
62%
18 13.50 Million 2015/16 Benfica João Cancelo
56%
6 22.50 Million 2006/07 Real Betis Joaquín
52%
19 13.05 Million 2019/20 Celta Vigo Maxi Gómez
52%
10 19.13 Million 2000/01 River Plate Pablo Aimar
52%
11 18.00 Million 2015/16 Benfica André Gomes
51%
4 25.20 Million 2015/16 Manchester City Álvaro Negredo
49%
7 21.60 Million 2016/17 Zenit Saint Petersburg Ezequiel Garay
45%
15 14.40 Million 2018/19 Atletico Madrid Kévin Gameiro
45%
20 12.60 Million 2017/18 Arsenal Francis Coquelin
44%
9 19.80 Million 2015/16 Monaco Aymen Abdennour
41%
17 13.50 Million 2018/19 Olympique Lyon Mouctar Diakhaby
41%
5 22.50 Million 2014/15 Benfica Enzo Pérez
35%
12 16.20 Million 2007/08 Boca Juniors Ever Banega
28%
16 14.40 Million 2017/18 Juventus Simone Zaza
25%
13 16.20 Million 2007/08 Benfica Manuel Fernandes
10%
14 15.30 Million 2004/05 Lazio Stefano Fiore
7%
No matching quizzes found
Score Distribution
Percent of People with Each Score
Percentile by Number Answered
Your Score History
You have not taken this quiz